000 00331nam a22001457a 4500
008 230517b ||||| |||| 00| 0 eng d
020 _a9780132435109
041 _aeng
080 _2NINTH EDITION
_a339.1
082 _a339.1KOT
100 _a23
101 _aMBE
245 _aMARKETING MANAGEMENT
_cKOTLER.PH
942 _2udc
_cBK
999 _c59760
_d59760